Mathematical hydrostatics / (Record no. 158590)

MARC details
000 -LEADER
fixed length control field 00597nam a22001937a 4500
005 - DATE AND TIME OF LATEST TRANSACTION
control field 20181106111857.0
010 ## - LCCN (DPL NO)
LC control number ENG-124448
020 ## - INTERNATIONAL STANDARD BOOK NUMBER
Terms of availability 235.00
International Standard Book Number 9789352550791
035 ## - SYSTEM CONTROL NUMBER
System control number EN-107980
037 ## - SOURCE OF ACQUISITION
Source of stock number/acquisition DBAD/PUB
082 ## - DEWEY DECIMAL CLASSIFICATION NUMBER
Classification number 532.2
100 ## - MAIN ENTRY--PERSONAL NAME
Personal name Gorain, Ganesh Chandra
245 ## - TITLE STATEMENT
Title Mathematical hydrostatics /
Statement of responsibility, etc by Ganesh Chandra Gorain
260 ## - PUBLICATION, DISTRIBUTION, ETC. (IMPRINT)
Name of publisher, distributor, etc NCBA
Date of publication, distribution, etc 2017
Place of publication, distribution, etc Kolkata
270 ## - ADDRESS
City Kolkata
Postal code 700009
Address 8/1 Chintamoni Das Lane,
300 ## - PHYSICAL DESCRIPTION
Extent xi,208p.
Dimensions 24cm.(pbk)
Other physical details ill. picture
500 ## - GENERAL NOTE
General note It includes Appendix, Bibliography and index
942 ## - ADDED ENTRY ELEMENTS (KOHA)
Source of classification or shelving scheme Dewey Decimal Classification
Item type English Books
Call number suffix GOR
Classification part 532.2
Holdings
Withdrawn status Lost status Not for loan Collection code Home library Current library Date acquired Source of acquisition Cost, normal purchase price Full call number Barcode Copy number Cost, replacement price Koha item type
    Not For Loan Non-fiction D.B.Act.Division Bawana 06/11/2018 DBAD/PUB 235.00 532.2 GOR EN-107980 1 235.00 English Books

© Delhi Public Library
Hit Counter
free hit counter